Odpočet hodnoty darov od základu dane z príjmov smerujúcich do neziskového sektora v Slovenskej republike
Stimulácia činnosti neziskového sektora aj pomocou daňových úľav. Charakteristika neziskových organizácií. Dar podľa zákona o daniach z príjmov. Dary poskytnuté fyzickými osobami. Dar poskytnutý právnickými osobami. Príklady.
Enregistré dans:
| Auteur principal: | |
|---|---|
| Format: | Chapitre de livre |
| Langue: | slovaque |
| Sujets: | |
| Tags: |
Pas de tags, Soyez le premier à ajouter un tag!
|
MARC
| LEADER | 00000naa a2200000 4500 | ||
|---|---|---|---|
| 001 | r048845 | ||
| 005 | 20231002075339.9 | ||
| 041 | 0 | |a slo | |
| 044 | |a SK | ||
| 245 | 1 | 0 | |a Odpočet hodnoty darov od základu dane z príjmov smerujúcich do neziskového sektora v Slovenskej republike |c Eva Neupauerová |
| 520 | |a Stimulácia činnosti neziskového sektora aj pomocou daňových úľav. Charakteristika neziskových organizácií. Dar podľa zákona o daniach z príjmov. Dary poskytnuté fyzickými osobami. Dar poskytnutý právnickými osobami. Príklady. | ||
| 610 | 2 | 0 | |a dane z príjmov |
| 610 | 2 | 0 | |a úľavy daňové |
| 610 | 2 | 0 | |a dary |
| 610 | 2 | 0 | |a organizácie neziskové |
| 610 | 2 | 0 | |a osoby fyzické |
| 610 | 2 | 0 | |a osoby právnické |
| 610 | 2 | 0 | |a Slovensko |
| 610 | 2 | 0 | |a odpočet dane |
| 100 | 1 | |a Neupauerová, Eva | |